000 00978cam a2200265 a 4500
999 _c48138
_d48138
001 1022810
003 Nust
005 20170110150631.0
008 881123s1989 cau bf 000 0 eng
010 _a 88051695
020 _a 978-0935702606
040 _aDLC
_cDLC
_dDLC
050 0 0 _aT11
_b.Y68 1989
082 0 0 _a808.0666
_bYOU
100 1 _aYoung, Matt,
_d1941-
245 1 4 _aThe technical writer's handbook :
_bwriting with style and clarity /
_cMatt Young.
260 _aMill Valley, Calif. :
_bUniversity Science Books,
_c1989.
300 _axi, 232 p. ;
_c22 cm.
504 _aIncludes bibliographical references (p. 231-232).
650 0 _aTechnical writing
_xHandbooks, manuals, etc.
906 _a7
_bcbc
_corignew
_d2
_eocip
_f19
_gy-gencatlg
942 _2ddc
_cBK